ਸਤ੍ਯ ਮੇਵ ਜਯਤੇ : (Record no. 110369)

MARC details
000 -LEADER
fixed length control field 01026nam a22002537a 4500
005 - DATE AND TIME OF LATEST TRANSACTION
control field 20170123164151.0
010 ## - LIBRARY OF CONGRESS CONTROL NUMBER
LC control number B-230636
020 ## - INTERNATIONAL STANDARD BOOK NUMBER
Terms of availability 200.00
035 ## - SYSTEM CONTROL NUMBER
System control number B-230636
037 ## - SOURCE OF ACQUISITION
Stock number Cen Lib / Ret
040 ## - CATALOGING SOURCE
Original cataloging agency DPL
Language of cataloging PN
082 ## - DEWEY DECIMAL CLASSIFICATION NUMBER
Classification number 851
Item number ਅਮਰ
100 ## - MAIN ENTRY--PERSONAL NAME
Personal name ਅਮਰ ਕੋਮਲ
9 (RLIN) 2233
245 ## - TITLE STATEMENT
Title ਸਤ੍ਯ ਮੇਵ ਜਯਤੇ :
Statement of responsibility, etc ਅਮਰ ਕੋਮਲ
Remainder of title ਪੰਜਾਬੀ ਕਵਿਤਾ ਸੰਗ੍ਰਹਿ /
246 ## - VARYING FORM OF TITLE
Title proper/short title Satya meave jaitey : collection of Punjabi poems /
Remainder of title by Amar Komal
260 ## - PUBLICATION, DISTRIBUTION, ETC. (IMPRINT)
Place of publication, distribution, etc ਦਿੱਲੀ
Name of publisher, distributor, etc ਸਿਲਾਲੇਖ
Date of publication, distribution, etc 2007
270 ## - ADDRESS
Address ੪/੩੨ ਸੁਭਾਸ਼ ਗਾਲੀ ਵਿਸ਼ਵਾਸ ਨਗਰ ਸ਼ਹਾਦਰ
City ਦਿੱਲੀ
Postal code 110051
300 ## - PHYSICAL DESCRIPTION
Extent 160p.
Dimensions 19cm(Hb)
650 ## - SUBJECT ADDED ENTRY--TOPICAL TERM
Topical term or geographic name as entry element ਪੰਜਾਬੀ -- ਕਵਿਤਾਵਾਂ
9 (RLIN) 128453
650 ## - SUBJECT ADDED ENTRY--TOPICAL TERM
Topical term or geographic name as entry element ਪੰਜਾਬੀ ਸਾਹਿਤ
9 (RLIN) 128454
650 ## - SUBJECT ADDED ENTRY--TOPICAL TERM
Topical term or geographic name as entry element Punjabi --Poems
9 (RLIN) 98797
650 ## - SUBJECT ADDED ENTRY--TOPICAL TERM
Topical term or geographic name as entry element Literature -- Punjabi
9 (RLIN) 128455
942 ## - ADDED ENTRY ELEMENTS (KOHA)
Source of classification or shelving scheme Dewey Decimal Classification
Koha item type Punjabi Bks
Classification part 851
Call number suffix ਅਮਰ
Holdings
Withdrawn status Lost status Damaged status Not for loan Home library Current library Date acquired Source of acquisition Cost, normal purchase price Total Checkouts Full call number Barcode Date last seen Copy number Cost, replacement price Price effective from Koha item type
        Central Library Central Library 20/01/2016 Cen Lib/Ret 200.00   851 ਅਮਰ B-230636 20/01/2016 1 200.00 20/01/2016 Punjabi Bks

© Delhi Public Library
Hit Counter
free hit counter